02009nam a2200349 a 4500001001200000003000800012006001900020007001500039008004100054010001700095020002500112020002700137040002100164035002100185050002500206082001500231245012500246260004700371300002600418440006400444504005100508505063800559533015201197650003801349650002601387655002901413700002101442700003601463710001701499856012601516999001701642ebr10630538CaPaEBRm u cr cn|||||||||120202s2012 maua sb 001 0 eng d z 2012001068 z9781118274897 (pbk.) z9781118274880 (e-book) aCaPaEBRcCaPaEBR a(OCoLC)82373738014aLB1028b.R384 2012eb04a370.7222300aResearching education through actor-network theoryh[electronic resource] /cedited by Tara Fenwick and Richard Edwards. aMalden, Mass. :bJohn Wiley & Sons,c2012. axxiii, 119 p. :bill. 0aEducational philosophy and theory special issue book series aIncludes bibliographical references and index.0 aIntroduction / Tara Fenwick and Richard Edwards -- Devices and educational change / Jan Nespor -- Translating the prescribed into the enacted curriculum in college and school / Richard Edwards -- Unruly practices: what a sociology of translations can offer to educational policy analysis / Mary Hamilton -- ANT on the PISA trail: following the statistical pursuit of certainty / Radhika Gorur -- Assembling the "accomplished" teacher: the performativity and politics of professional teaching standards / Dianne Mulcahy -- Reading educational reform with actor network theory: fluid spaces, otherings, and ambivalences / Tara Fenwick. aElectronic reproduction.bPalo Alto, Calif. :cebrary,d2011.nAvailable via World Wide Web.nAccess may be limited to ebrary affiliated libraries. 0aEducationxResearchxMethodology. 0aActor-network theory. 7aElectronic books.2local1 aFenwick, Tara J.1 aEdwards, Richard,d1956 July 2-2 aebrary, Inc.40uhttp://site.ebrary.com/lib/rucke/Doc?id=10630538zAn electronic book accessible through the World Wide Web; click to view c52789d52789